000 00604nam a2200169 4500
001 114100
003 ES-MaACL
005 20230906190058.0
007 t|
008 061121s1968 sp r ||||1| spa d
100 1 _aPalá Mediano, Francisco.
_988359
245 1 3 _aLa esposa administradora en la Compilación del Derecho Civil de Aragón /
_cpor Francisco Palá Mediano.
260 _aMadrid :
_b[s.n.],
_c1968 (
_fImp. Bolaños y Aguilar)
300 _a57 p. ;
_c23 cm.
500 _aEs tirada aparte de ` Revista Crítica de Derecho Inmobiliario` . Nº 465.
852 _aES-MaACL
_j2070-F-2
_bR.70474
999 _c114100
_d114100